| 000 | 00711nam a22002297a 4500 | ||
|---|---|---|---|
| 005 | 20170124110122.0 | ||
| 010 | _a414667 | ||
| 020 | _c14.00 | ||
| 035 | _a414667 | ||
| 037 | _bCen Lib/Ret | ||
| 040 |
_aDPL _bEN |
||
| 082 |
_a954.53 _bJHA |
||
| 100 |
_aJha, Jagdish Chandra _930864 |
||
| 245 |
_aThe Kol Insurrection of Chota-Nagpur / _cby Jagdish Chandra Jha |
||
| 260 |
_aCalcutta _bThacker, Spink _c1964 |
||
| 270 |
_a3, Esplande East _bCalcutta |
||
| 300 |
_ax,242p. _c21cm(Hb) _emaps |
||
| 500 | _aIncludes bibliographical references and index | ||
| 650 |
_aIndia--Chota NÄgpur _930865 |
||
| 650 |
_aInsurrection (India : 1831-1832) _930866 |
||
| 942 |
_2ddc _cEN _h954.53 _mJHA |
||
| 999 |
_c131108 _d131108 |
||